Ficción 67
Sparad:
| Huvudupphovsman: | |
|---|---|
| Materialtyp: | Bok |
| Språk: | Undetermined |
| Publicerad: |
Caracas, Venezuela
Universidad de Venezuela
1967
|
| Ämnen: | |
| Taggar: |
Lägg till en tagg
Inga taggar, Lägg till första taggen!
|
MARC
| LEADER | 00000nam a2200000Ia 4500 | ||
|---|---|---|---|
| 008 | 170316s9999 xx 000 0 und d | ||
| 040 | |a cru BVZT | ||
| 090 | |a 860 M-3f | ||
| 100 | |a Malavé Mata, Héctor /et.al./ | ||
| 245 | |a Ficción 67 | ||
| 260 | |a Caracas, Venezuela | ||
| 260 | |b Universidad de Venezuela | ||
| 260 | |c 1967 | ||
| 300 | |a 107 páginas | ||
| 650 | |a LITERATURA LATINOAMERICANA | ||
| 999 | |c 8960 |d 8960 | ||
| 942 | |c 15 D |h 860 M-3f |2 z | ||
